| 000 | 00644nam a22002177a 4500 | ||
|---|---|---|---|
| 999 |
_c9672 _d9672 |
||
| 003 | AR-CdUCM | ||
| 008 | 190328b ||||| |||| 00| 0 spa d | ||
| 040 |
_aMUNICIPALIDAD PROVINCIAL DEL CUSCO _cBIBLIOTECA MUNICIPAL DEL CUSCO |
||
| 041 | _hfr | ||
| 082 |
_a848.9 / _bR79J / 1928 |
||
| 100 |
_aRolland, Romain _910292 |
||
| 245 |
_aJuan Cristobal : _bIX La zarza en llamas / |
||
| 260 |
_aMadrid : _bEdiciones Literarias, _c1928. |
||
| 300 |
_a284 paginas _c19 cm. |
||
| 440 |
_aEdiciones Literarias _nIX _926031 |
||
| 650 |
_aLiteratura _983 |
||
| 650 |
_aHistoria _9136 |
||
| 650 |
_aSiglo XIX _9971 |
||
| 942 |
_2ddc _cLIBROS |
||
| 945 | _apjha | ||